000 00822nam a22001697a 4500
003 SGT
020 _a9788121911009
082 _a657,SHU
100 _aSHUKLA,M.C
245 _aADVANCED ACCOUNTS VOLUME -2ND
250 _a1ST
260 _aNEW DELHI
_bS.CHAND
_c2016
300 _aV.P
650 _aACCOUNTING
653 _aINTRODUCTION, SHARES, DEBENTURES ETC. LFINAL ACCOUNTS LVALUATION OF GOODWILL AND SHARES, REORGANISATION AND RECONSTRUCTION OF SHARE CAPITAL L AMALGAMATION AND EXTERNAL RECONSTRUCTION LHOLDING COMPANIES LCHASH FLOW STATEMENTS, CASH BUDGET L ACCOUNTING RATIOS L ACCOUNTS OF INSURANCE COMPANIES,BANKS,ACCOUNTS OF ELECTRICITY COMPANIES, LIQUIDATION, COMPUTERIZED ACCOUNTING SYSTEMS, INFLATION ACCOUNTING, ACCOUNTING FOR HUMAN RESOURCE OF AN ORGANIZATION AND SOCIAL RESPONSIBILITY
942 _2ddc
_cFCM
999 _c9224
_d9224